Statistiques concernant Culture Générale - Série 214

Cliquez ici pour prendre le quiz!

Statistiques générales

  • Ce quiz a été pris 75 fois
  • Le résultat moyen est 5 sur 10

Statistiques - réponses

QuestionRéponse% Correct
Combien y a-t-il de litres dans un mètre cube ?1 000
93%
A quels actes Fredericks, Goldman et Jones consacrent-ils une chanson ?A nos actes manqués
77%
Quel animal le Petit Prince apprivoise-t-il ?Le renard
75%
Selon Hésiode, combien y a-t-il de Muses dans la mythologie grecque ?9
75%
Combien de temps met-on pour faire 20 kilomètres en roulant à 120 km/h ?10 minutes
74%
Avec la farine et les épices, quel ingrédient caractérise le pain d'épiceLe miel
51%
Quel est le prénom du peintre Goya ?Francisco
35%
Dans quel sport s'est illustrée la Française Laure Péquegnot ?Le ski
25%
Quelle danse J.J. Lionel a-t-il popularisée en 1980 ?La Danse des canards
14%
Quel groupe a connu le succès en 1977 avec "Les Chansons françaises" ?La Bande à Basile
9%

Distribution des résultats

Percentile par nombre de réponses

% des personnes avec chaque résultat

Votre développement - résultats

Vous n’avez pas pris ce quiz